00897nam a22002297a 450000500170000001000130001702000220003003500130005203700160006504000120008108200170009324501130011026000410022327000510026430000230031565000330033865000260037170000290039794200260042699900190045295201960047120170124105951.0 aA-682307 c00.00a8120714598 aA-901607 bCen Lib/Ret aDPLbEN a332.673bWHE aWhere the west meets the east :cedited by V. Chandra Mowlibinternational seminar on non-resident Indians / aNew DelhibSterling Publishersc1993 aL-10, Green Park Extension bNew Delhie110016 avi,180p.c22cm(Hb) aIndia--Andhra Pradesh913482 aEconomic policy93998 aMowli, V. Chandra913483 2ddccENh332.673mWHE c125246d125246 04104070aLbLd2015-06-20eCen Lib/Ret g0.00l0o332.673 WHEpA-682307r2015-06-20 00:00:00t1v0.00w2015-06-20yENzWritten off on approval by DLB (By Circulation); dtd 15-06-2023